Score 0/15 Timer 07:00
3 Plays Today
% Correct
Scar
99.1%
Ursula
86.4%
Gaston
84.9%
Queen Grimhilde
66.8%
Maleficent
66.1%
Mother Gothel
61.7%
Syndrome
61.7%
Hopper
53.3%
% Correct
Judge Claude Frollo
48.9%
Clayton
45.7%
Professor Ratigan
44.2%
Dr. Facilier
43.5%
Shan Yu
38.7%
Charles Muntz
30.9%
Bill Sykes
25.1%
Remove Ads.
Support Sporcle.
Get the best of Sporcle when you Go Orange. This ad-free experience offers more features, more stats, and more fun while also helping to support Sporcle. Thank you for becoming a member.

You're not logged in!

Compare scores with friends on all Sporcle quizzes.
OR
Log In

Sporcle TV

Today on Sporcle TV


Watch our educational content, quiz creation guides, and fun videos on Sporcle TV.

Show Comments

Extras

Top Quizzes Today


Score Distribution

Paid Content

Your Account Isn't Verified!

In order to create a playlist on Sporcle, you need to verify the email address you used during registration. Go to your Sporcle Settings to finish the process.

Report this User

Report this user for behavior that violates our Community Guidelines.

Details: